[Event "XXXV Memorial Edoardo Crespi B"]
[Site "Milano ITA"]
[Date "2014.12.08"]
[Round "6"]
[White "Rizzi, Domenico"]
[Black "Lamperti, Gianloris"]
[WhiteElo "1624"]
[BlackElo "1700"]
[Result "1-0"]
[PlyCount "65"]
[EventDate "2014.12.06"]

1. e4 e6 2. d4 d5 3. Nc3 Nf6 4. e5 Nfd7 5. Nf3 c5 6. Bg5 Qb6 7. Na4 Qa5+ 8. Nc3
cxd4 9. Qxd4 Nc6 10. Qf4 Bb4 11. Qe3 Bxc3+ 12. bxc3 O-O 13. Bd3 Qxc3+ 14. Ke2
Qa5 15. Bf4 Nc5 16. Rhd1 b6 17. Bxh7+ Kh8 18. Ng5 g6 19. Bxg6 Kg7 20. Bd3 Nxd3
21. cxd3 Ne7 22. Qh3 Rh8 23. Qg4 Ng6 24. g3 Rxh2 25. Rh1 Rxh1 26. Rxh1 Qxa2+
27. Kf3 d4 28. Ne4 Bb7 29. Qg5 Bxe4+ 30. dxe4 Rh8 31. Qf6+ Kg8 32. Bh6 Rh7 33.
Qd8+ 1-0

[Event "XXXV Memorial Edoardo Crespi B"]
[Site "Milano ITA"]
[Date "2014.12.08"]
[Round "6"]
[White "Silari, Andrea"]
[Black "Trent, Alan M."]
[WhiteElo "1719"]
[BlackElo "1698"]
[Result "0-1"]
[PlyCount "74"]
[EventDate "2014.12.06"]

1. e4 g6 2. d4 c6 3. Nc3 d5 4. e5 Bg7 5. Be3 Nh6 6. Bd3 Nf5 7. Bxf5 Bxf5 8. g4
Bc8 9. h3 Na6 10. f4 Qb6 11. Rb1 e6 12. Nge2 Bf8 13. O-O c5 14. Na4 Qa5 15. c3
c4 16. b4 Qd8 17. Kg2 Bd7 18. Ng3 b6 19. Rf3 Nc7 20. Nb2 a5 21. bxa5 Rxa5 22.
a4 Ba3 23. Rf2 Bxb2 24. Rfxb2 Bxa4 25. Qd2 Bb3 26. f5 Qd7 27. Rf1 Nb5 28. fxe6
fxe6 29. Bh6 Kd8 30. Rf6 Re8 31. Ne2 Kc8 32. Qf4 Ra2 33. Rxa2 Bxa2 34. Bf8 Bb1
35. Rf7 Qc6 36. Rxh7 g5 37. Qf6 Bxh7 0-1

[Event "XXXV Memorial Edoardo Crespi B"]
[Site "Milano ITA"]
[Date "2014.12.08"]
[Round "6"]
[White "Strada, Giorgio"]
[Black "Pirovano, Ezio"]
[WhiteElo "1269"]
[BlackElo "1528"]
[Result "1/2-1/2"]
[PlyCount "85"]
[EventDate "2014.12.06"]

1. d4 Nf6 2. Nf3 d5 3. e3 e6 4. Bd3 c5 5. c3 Nc6 6. Nbd2 Be7 7. O-O O-O 8. Re1
b6 9. e4 dxe4 10. Nxe4 cxd4 11. Nxf6+ Bxf6 12. cxd4 Nxd4 13. Nxd4 Bxd4 14. Be4
Rb8 15. Qh5 f5 16. Bd3 Bxf2+ 17. Kxf2 Qxd3 18. Re3 Qd4 19. Ke1 Qg4 20. Rh3 Qxh5
21. Rxh5 Bb7 22. Rg5 Rbc8 23. Rg3 Rc2 24. Kf1 Rfc8 25. Bh6 g6 26. h4 R8c4 27.
Bg5 Ba6 28. Kg1 Rg4 29. Rxg4 fxg4 30. b3 Bb7 31. Rc1 Rxc1+ 32. Bxc1 Bd5 33. g3
Kf7 34. Bb2 Ke7 35. Be5 Kd7 36. Kf2 Kc6 37. Ke3 h5 38. Kf4 Kc5 39. Kg5 Be4 40.
Bc3 Kd5 41. Kf6 b5 42. Ke7 Bf5 43. Kf6 1/2-1/2

[Event "XXXV Memorial Edoardo Crespi B"]
[Site "Milano ITA"]
[Date "2014.12.08"]
[Round "6"]
[White "Tiraboschi, Nicolo'"]
[Black "Izzo, Riccardo"]
[WhiteElo "1419"]
[BlackElo "1647"]
[Result "0-1"]
[PlyCount "92"]
[EventDate "2014.12.06"]

1. c4 e6 2. d4 d5 3. cxd5 exd5 4. Nc3 c6 5. g3 Nf6 6. Bg2 Bf5 7. Nf3 Bd6 8. O-O
O-O 9. Re1 Nbd7 10. a3 h6 11. Nd2 Re8 12. e4 dxe4 13. Ndxe4 Nxe4 14. Nxe4 Bxe4
15. Rxe4 Rxe4 16. Bxe4 Nf6 17. Bg2 Qb6 18. b3 Rd8 19. Bb2 Nd5 20. Qd3 Be7 21.
Re1 Bf6 22. Bxd5 cxd5 23. Re3 Qc6 24. Qc3 Rb8 25. Qxc6 bxc6 26. a4 c5 27. Rd3
Rb4 28. Ba3 Rxd4 29. Rxd4 Bxd4 30. Kf1 Kf8 31. Ke2 Ke7 32. f3 g5 33. Kd3 Bg1
34. h3 Ke6 35. g4 Ke5 36. Bb2+ Kf4 37. Bg7 Kxf3 38. Bxh6 Kg3 39. Bxg5 Kxh3 40.
Bf6 Kxg4 41. Bd8 f5 42. Ke2 f4 43. Kf1 Bd4 44. Ba5 Kf3 45. Bd2 Be3 46. Be1 d4
0-1

[Event "XXXV Memorial Edoardo Crespi B"]
[Site "Milano ITA"]
[Date "2014.12.08"]
[Round "6"]
[White "Torelli, Mauro"]
[Black "Lunghi, Samuele"]
[WhiteElo "1702"]
[BlackElo "1496"]
[Result "1-0"]
[PlyCount "67"]
[EventDate "2014.12.06"]

1. c4 Nf6 2. Nc3 e6 3. e4 Nc6 4. d4 Bb4 5. Nge2 Nxe4 6. Qd3 Nxc3 7. bxc3 Be7 8.
Ng3 O-O 9. Be2 d5 10. O-O Bg5 11. f4 Bh4 12. f5 dxc4 13. Qf3 Qd5 14. Qg4 Bf6
15. Nh5 Kh8 16. Nxf6 gxf6 17. Qh4 Qd8 18. Rf3 e5 19. g4 Rg8 20. Kf2 exd4 21.
Rh3 Rg7 22. Bh6 Rg8 23. Bf8 Rg7 24. Bxg7+ Kxg7 25. Qxh7+ Kf8 26. Qh8+ Ke7 27.
Qxd8+ Kxd8 28. cxd4 Nxd4 29. Rd1 c5 30. Bxc4 Ke7 31. Rh7 b5 32. Bxf7 Kf8 33.
Bd5 Rb8 34. Rxa7 1-0

[Event "XXXV Memorial Edoardo Crespi B"]
[Site "Milano ITA"]
[Date "2014.12.08"]
[Round "6"]
[White "Vece, Luigi"]
[Black "Libutti, Michele"]
[WhiteElo "1608"]
[BlackElo "1764"]
[Result "1-0"]
[PlyCount "83"]
[EventDate "2014.12.06"]

1. e4 c6 2. d4 d5 3. Nc3 dxe4 4. Nxe4 Nd7 5. Nf3 Ngf6 6. Bd3 Nxe4 7. Bxe4 Nf6
8. Bd3 Bg4 9. c3 e6 10. O-O Bd6 11. Bg5 O-O 12. h3 Bh5 13. g4 Bg6 14. Bxg6 hxg6
15. Ne5 Qc7 16. Re1 Rfe8 17. Qf3 Nh7 18. Bh4 g5 19. Bg3 f6 20. Nc4 Bxg3 21.
Qxg3 Qxg3+ 22. fxg3 Rad8 23. Re2 Nf8 24. Na5 Re7 25. Rae1 Rd5 26. b4 Kf7 27.
Re4 Ng6 28. c4 Rd8 29. c5 e5 30. Kf2 Rxd4 31. Rxd4 exd4 32. Rxe7+ Kxe7 33. Nxb7
Ne5 34. Ke2 Ke6 35. Nd6 Kd5 36. a4 a5 37. bxa5 Kxc5 38. Nb7+ Kb4 39. a6 Nd7 40.
a5 Nc5 41. Nxc5 Kxc5 42. a7 1-0

[Event "XXXV Memorial Edoardo Crespi B"]
[Site "Milano ITA"]
[Date "2014.12.08"]
[Round "6"]
[White "Versari, Marino"]
[Black "Maccari, Piergiuseppe"]
[WhiteElo "1577"]
[BlackElo "1714"]
[Result "0-1"]
[PlyCount "80"]
[EventDate "2014.12.06"]

1. d4 Nf6 2. c4 g6 3. Nc3 d5 4. e3 Bg7 5. Nf3 O-O 6. cxd5 Nxd5 7. Bc4 Nb6 8.
Be2 c5 9. O-O cxd4 10. exd4 Nc6 11. Be3 Nd5 12. Nxd5 Qxd5 13. Qb3 Be6 14. Qxd5
Bxd5 15. a3 Rfd8 16. Bb5 Bxf3 17. gxf3 Nxd4 18. Bxd4 Rxd4 19. b3 Rad8 20. Bc4
Rd2 21. Rae1 e6 22. Re2 Rxe2 23. Bxe2 Rd2 24. Bc4 Bd4 25. a4 Kf8 26. b4 Rb2 27.
b5 Rb4 28. Be2 Rxa4 29. Kg2 Ra2 30. Bd3 Rb2 31. h3 Ke7 32. Kg3 e5 33. h4 f5 34.
Rd1 Bxf2+ 35. Kh3 Be3 36. Rf1 Kf6 37. Rd1 Bf4 38. Rh1 Rf2 39. Bc4 Rxf3+ 40. Kg2
e4 0-1

[Event "XXXV Memorial Edoardo Crespi B"]
[Site "Milano ITA"]
[Date "2014.12.08"]
[Round "6"]
[White "Zaccheroni, Dario"]
[Black "Cerutti, Fabio Maria"]
[WhiteElo "1599"]
[BlackElo "1659"]
[Result "1-0"]
[PlyCount "117"]
[EventDate "2014.12.06"]

1. d4 c5 2. c3 e6 3. e4 d5 4. Bd3 Nc6 5. Nf3 Qb6 6. exd5 exd5 7. O-O Bd6 8.
dxc5 Bxc5 9. Nbd2 a5 10. Nb3 Bd6 11. Re1+ Nge7 12. Qc2 h6 13. Nbd4 O-O 14. Be3
Bc5 15. Rad1 Bg4 16. Be2 Bxf3 17. Bxf3 Ne5 18. Qe2 Rfe8 19. Bc1 Nxf3+ 20. Qxf3
Rad8 21. Kf1 Bxd4 22. Rxd4 Qa6+ 23. Qe2 Qxe2+ 24. Rxe2 Kf8 25. Be3 Nf5 26. Rd3
Re6 27. Bc5+ Ke8 28. Red2 b6 29. Ba3 Re5 30. b3 d4 31. cxd4 Red5 32. Bb2 Ke7
33. Re2+ Kf6 34. Re5 Kg6 35. Rxd5 Rxd5 36. Ke2 Kf6 37. Rd2 Ke6 38. Kd3 Nd6 39.
Re2+ Kd7 40. Re5 Kc6 41. Ba3 Nf5 42. Rxd5 Kxd5 43. Bc1 b5 44. Be3 a4 45. Kc3
axb3 46. Kxb3 Nd6 47. Kb4 g5 48. f3 f5 49. h4 f4 50. Bf2 Kc6 51. hxg5 hxg5 52.
d5+ Kxd5 53. Bc5 Nc4 54. Kxb5 Ne3 55. a4 Nxg2 56. a5 Ne1 57. a6 Nxf3 58. a7 g4
59. a8=Q+ 1-0

[Event "XXXV Memorial Edoardo Crespi B"]
[Site "Milano ITA"]
[Date "2014.12.08"]
[Round "7"]
[White "Baccarin, Stefano"]
[Black "Ragoso, Mario"]
[WhiteElo "1673"]
[BlackElo "1626"]
[Result "1/2-1/2"]
[PlyCount "54"]
[EventDate "2014.12.06"]

1. e4 e5 2. Nf3 Nc6 3. Bb5 a6 4. Ba4 Nf6 5. d3 b5 6. Bb3 d5 7. exd5 Nxd5 8. O-O
Be7 9. Qe2 Qd6 10. a4 Rb8 11. Bxd5 Qxd5 12. Nc3 Qc5 13. Be3 Nd4 14. Nxd4 exd4
15. Ne4 Qd5 16. Bf4 O-O 17. Qf3 Be6 18. Qg3 Rfc8 19. Be5 g6 20. b3 f5 21. Nf6+
Bxf6 22. Bxf6 c5 23. axb5 axb5 24. Ra7 Bf7 25. Re1 Re8 26. Rae7 Rxe7 27. Rxe7
Re8 1/2-1/2

[Event "XXXV Memorial Edoardo Crespi B"]
[Site "Milano ITA"]
[Date "2014.12.08"]
[Round "7"]
[White "Biffi, Roberto"]
[Black "Crippa, Oscar"]
[WhiteElo "1645"]
[BlackElo "1681"]
[Result "0-1"]
[PlyCount "78"]
[EventDate "2014.12.06"]

1. d4 d5 2. c4 e6 3. Nc3 Nf6 4. Nf3 c6 5. Bg5 Nbd7 6. e3 Qa5 7. Qa4 Qxa4 8.
Nxa4 dxc4 9. Bxf6 Nxf6 10. Nd2 Bb4 11. Nc3 b5 12. Be2 O-O 13. Bf3 Bxc3 14. bxc3
Bd7 15. O-O Nd5 16. Bxd5 cxd5 17. Rfb1 Rfb8 18. a3 f6 19. Rb2 Be8 20. f4 a6 21.
Kf2 Rb7 22. h4 Rab8 23. g3 a5 24. Nb1 Bg6 25. Nd2 b4 26. axb4 axb4 27. Nb1 b3
28. Ke1 Rc8 29. Kd2 Rcc7 30. Kc1 Ra7 31. Rxa7 Rxa7 32. Nd2 Ra1+ 33. Nb1 Rxb1+
34. Rxb1 Bxb1 35. Kxb1 Kf8 36. Kb2 Kf7 37. Kb1 Kg6 38. Kb2 Kf5 39. Kb1 Ke4 0-1

[Event "XXXV Memorial Edoardo Crespi B"]
[Site "Milano ITA"]
[Date "2014.12.08"]
[Round "7"]
[White "Brisotto, Stefano"]
[Black "Rigotti, Gianluigi"]
[WhiteElo "1472"]
[BlackElo "1564"]
[Result "1-0"]
[PlyCount "49"]
[EventDate "2014.12.06"]

1. e4 e5 2. Nf3 Nc6 3. Bb5 a6 4. Bxc6 dxc6 5. O-O Bg4 6. h3 Bxf3 7. Qxf3 Qf6 8.
Qe2 Bc5 9. d3 O-O-O 10. Be3 Bxe3 11. Qxe3 b6 12. a4 Qd6 13. a5 Kb7 14. axb6
cxb6 15. Nd2 Qd4 16. Qg5 g6 17. Nb3 Qd7 18. Qxe5 f6 19. Qc3 h5 20. Ra2 g5 21.
Rfa1 Ra8 22. Qb4 Qe8 23. Nc5+ Kc7 24. Nxa6+ Rxa6 25. Rxa6 1-0

[Event "XXXV Memorial Edoardo Crespi B"]
[Site "Milano ITA"]
[Date "2014.12.08"]
[Round "7"]
[White "Calabrese, Maurizio"]
[Black "Pipitone, Filippo Massimo"]
[WhiteElo "1477"]
[BlackElo "1545"]
[Result "0-1"]
[PlyCount "100"]
[EventDate "2014.12.06"]

1. d4 d5 2. e3 c6 3. Nf3 e6 4. g3 f5 5. b3 Nf6 6. c4 Bd6 7. Nbd2 O-O 8. Bg2 Ne4
9. Bb2 Bd7 10. Qc1 Be8 11. O-O Nd7 12. Ne5 Rc8 13. f3 Nef6 14. Ba3 Qe7 15. Bxd6
Qxd6 16. Nd3 Bg6 17. Nf4 Bf7 18. Qd1 Rfe8 19. Ne2 Bg6 20. b4 dxc4 21. Nxc4 Qxb4
22. Ne5 Nxe5 23. dxe5 Nd5 24. Qc1 Qb6 25. Nd4 Rcd8 26. Rb1 Qc7 27. Re1 f4 28.
e4 Ne3 29. Ne2 Nxg2 30. Kxg2 fxg3 31. Nxg3 Rd7 32. f4 Bf7 33. Qe3 b6 34. Rb2
Red8 35. Qc1 c5 36. Re3 h5 37. h4 Rd1 38. Qc3 Qe7 39. Kh3 g6 40. Rg2 a6 41.
Nxh5 Rh1+ 42. Rh2 Rxh2+ 43. Kxh2 Qxh4+ 44. Kg2 Qxh5 45. Kg3 Rd1 46. Re1 Rxe1
47. Qxe1 g5 48. fxg5 Qxg5+ 49. Kh3 Qxe5 50. Qh4 Qh8 0-1

[Event "XXXV Memorial Edoardo Crespi B"]
[Site "Milano ITA"]
[Date "2014.12.08"]
[Round "7"]
[White "Carli, Federico"]
[Black "Carbone, Lorenzo"]
[WhiteElo "1671"]
[BlackElo "1594"]
[Result "1/2-1/2"]
[PlyCount "54"]
[EventDate "2014.12.06"]

1. e4 c5 2. c3 d5 3. exd5 Qxd5 4. d4 Nf6 5. Nf3 e6 6. Be3 Be7 7. Be2 O-O 8.
dxc5 Qxd1+ 9. Bxd1 Ng4 10. Bd4 Nc6 11. O-O e5 12. h3 exd4 13. hxg4 dxc3 14.
Nxc3 Bxg4 15. Nd2 Bxd1 16. Raxd1 Bxc5 17. Nde4 Bd4 18. Ne2 Rad8 19. Nxd4 Nxd4
20. Rfe1 h6 21. Kf1 Ne6 22. Nc3 a6 23. Nd5 Kh8 24. Ne7 Kh7 25. Nd5 Kh8 26. Ne7
Kh7 27. Nd5 Kh8 1/2-1/2

[Event "XXXV Memorial Edoardo Crespi B"]
[Site "Milano ITA"]
[Date "2016.12.08"]
[Round "7"]
[White "Casamassima, Paolo"]
[Black "Tiraboschi, Nicolo'"]
[WhiteElo "1709"]
[BlackElo "1419"]
[Result "1-0"]
[PlyCount "39"]
[EventDate "2014.12.06"]

1. d4 e6 2. c4 f5 3. Nf3 Nf6 4. Nc3 c6 5. Qc2 d5 6. cxd5 cxd5 7. a3 Bd6 8. Ne5
Nbd7 9. f4 O-O 10. e3 b6 11. Bb5 Bb7 12. O-O Rc8 13. Qa4 Nb8 14. Qxa7 Qc7 15.
Qa4 Nc6 16. Bd2 Na5 17. Rfc1 Nc4 18. Ne2 Bxe5 19. fxe5 Ne4 20. Bb4 1-0

[Event "XXXV Memorial Edoardo Crespi B"]
[Site "Milano ITA"]
[Date "2014.12.08"]
[Round "7"]
[White "Cerutti, Fabio Maria"]
[Black "Vece, Luigi"]
[WhiteElo "1659"]
[BlackElo "1608"]
[Result "1-0"]
[PlyCount "59"]
[EventDate "2014.12.06"]

1. e4 c5 2. Nc3 Nc6 3. g3 d6 4. Bg2 g6 5. d3 Bg7 6. Be3 e6 7. Qd2 Nge7 8. Bh6
O-O 9. Bxg7 Kxg7 10. h4 h5 11. Nge2 d5 12. g4 hxg4 13. h5 Rh8 14. O-O-O d4 15.
Nb5 a6 16. Na3 Ng8 17. hxg6 Rxh1 18. Rxh1 fxg6 19. Qf4 e5 20. Qh2 Qg5+ 21. Kd1
Nh6 22. Nc4 Be6 23. f4 gxf3 24. Bxf3 Bxc4 25. dxc4 Rh8 26. Rg1 Qe3 27. Qg2 g5
28. Ng3 Ne7 29. Re1 Qxe1+ 30. Kxe1 1-0

[Event "XXXV Memorial Edoardo Crespi B"]
[Site "Milano ITA"]
[Date "2014.12.08"]
[Round "7"]
[White "Colica, Daniele"]
[Black "Strada, Giorgio"]
[WhiteElo "1705"]
[BlackElo "1269"]
[Result "0-1"]
[PlyCount "138"]
[EventDate "2014.12.06"]

1. Nf3 Nc6 2. d4 d5 3. b3 e6 4. Bb2 Nf6 5. Nbd2 Bb4 6. a3 Be7 7. e3 O-O 8. Bd3
Re8 9. O-O h6 10. c4 b6 11. Qc2 Bb7 12. e4 dxe4 13. Nxe4 Kh8 14. Rad1 Qd7 15.
Ne5 Nxe5 16. dxe5 Nxe4 17. Bxe4 Qc8 18. Rd2 Bxe4 19. Qxe4 Rb8 20. Rfd1 Qb7 21.
Qg4 Red8 22. f4 Rxd2 23. Rxd2 Qe4 24. Rd1 Bc5+ 25. Kh1 Qc2 26. Ba1 Qxb3 27. f5
exf5 28. Qe2 Re8 29. Rf1 Qxa3 30. Bb2 Qe3 31. Qc2 Qe4 32. Qc3 Re6 33. Re1 Qa8
34. Qh3 f4 35. Qf5 Qe8 36. Qxf4 Rf6 37. Qe4 Re6 38. Qb7 Qc6 39. Qc8+ Kh7 40.
Rf1 Rg6 41. Qh3 Qe4 42. Qf3 Qxf3 43. gxf3 a5 44. f4 Kg8 45. f5 Rc6 46. Kg2 Be3
47. Kf3 Bg5 48. h4 Bxh4 49. Rc1 Bg5 50. Rc2 b5 51. c5 Be7 52. Bd4 g5 53. f6 Bf8
54. Ke4 Re6 55. Kd5 c6+ 56. Ke4 Kh7 57. Kf5 g4 58. Kxg4 Kg6 59. Rg2 h5+ 60.
Kh4+ Kh7 61. Kxh5 Bxc5 62. Rg7+ Kh8 63. Rxf7 Bxd4 64. Kg6 Kg8 65. Re7 Rxe5 66.
f7+ Kf8 67. Rd7 Re6+ 68. Kg5 Bf6+ 69. Kf5 Re7 0-1

[Event "XXXV Memorial Edoardo Crespi B"]
[Site "Milano ITA"]
[Date "2014.12.08"]
[Round "7"]
[White "Costanza, Calogero"]
[Black "Frignani, Alessandro"]
[WhiteElo "1579"]
[BlackElo "1389"]
[Result "0-1"]
[PlyCount "67"]
[EventDate "2014.12.06"]

1. d4 d5 2. c4 e6 3. Nf3 b6 4. Nc3 c6 5. e3 Ba6 6. b3 Bb4 7. Bd2 Qe7 8. Rc1 Nf6
9. Be2 Nbd7 10. O-O c5 11. Qc2 e5 12. dxe5 Nxe5 13. Nxe5 Qxe5 14. f4 Qd6 15.
Bf3 Bxc3 16. Bxc3 Qd7 17. Be5 Bb7 18. Rcd1 Rd8 19. Bxd5 Bxd5 20. Bxf6 gxf6 21.
Rxd5 Qe7 22. Rxd8+ Kxd8 23. e4 Kc7 24. Re1 Qd6 25. Qf2 Re8 26. g3 Qd4 27. Qe3
Rd8 28. Kf2 Qd2+ 29. Re2 Qd1 30. Kg2 Rd3 31. Qf2 Kd6 32. Kh3 Ke6 33. Kg4 Rd7
34. Kf3 $138 0-1

[Event "XXXV Memorial Edoardo Crespi B"]
[Site "Milano ITA"]
[Date "2014.12.08"]
[Round "7"]
[White "Del Frate, Walter"]
[Black "Madaschi, Sergio"]
[WhiteElo "1536"]
[BlackElo "1498"]
[Result "1-0"]
[PlyCount "63"]
[EventDate "2014.12.06"]

1. e4 c5 2. Nc3 Nc6 3. f4 e6 4. Nf3 g6 5. g3 Bg7 6. Bg2 Nge7 7. O-O d6 8. d3
Bd7 9. Be3 O-O 10. Qd2 Nd4 11. f5 exf5 12. Bh6 Nxc2 13. Bxg7 Kxg7 14. Qxc2 b5
15. a3 Rc8 16. Qf2 f6 17. d4 Qb6 18. dxc5 dxc5 19. Rad1 Be6 20. Nd5 Nxd5 21.
exd5 Bf7 22. Ne1 Rfd8 23. Nc2 a5 24. Rfe1 Rd6 25. Ne3 Rcd8 26. a4 c4 27. Rc1
Rc8 28. b3 c3 29. axb5 Qxb5 30. Nc4 Rxc4 31. bxc4 Qxc4 32. Re3 1-0

[Event "XXXV Memorial Edoardo Crespi B"]
[Site "Milano ITA"]
[Date "2014.12.08"]
[Round "7"]
[White "Delle Fave, Fabio"]
[Black "Pavlidis, Pavlos"]
[WhiteElo "1782"]
[BlackElo "1626"]
[Result "1/2-1/2"]
[PlyCount "62"]
[EventDate "2014.12.06"]

1. d4 Nf6 2. Nf3 e6 3. c4 d5 4. e3 Bb4+ 5. Bd2 Bxd2+ 6. Nbxd2 O-O 7. Bd3 b6 8.
Qc2 Bb7 9. Rc1 c6 10. O-O Nbd7 11. cxd5 exd5 12. Bf5 h6 13. Rfd1 c5 14. Qa4 a6
15. dxc5 Nxc5 16. Qd4 Nfe4 17. Nxe4 dxe4 18. Qxd8 Raxd8 19. Ne5 Rxd1+ 20. Rxd1
Bc8 21. Bxc8 Rxc8 22. Rc1 Rd8 23. Kf1 f6 24. b4 fxe5 25. bxc5 Rc8 26. c6 Kf7
27. c7 Ke7 28. Rc6 a5 29. Ke2 Kd7 30. Rxb6 Rxc7 31. Rb2 Rc5 1/2-1/2

[Event "XXXV Memorial Edoardo Crespi B"]
[Site "Milano ITA"]
[Date "2014.12.08"]
[Round "7"]
[White "Esposito, Giuseppe"]
[Black "Versari, Marino"]
[WhiteElo "1718"]
[BlackElo "1577"]
[Result "1-0"]
[PlyCount "71"]
[EventDate "2014.12.06"]

1. e4 c5 2. Nf3 Nc6 3. d4 cxd4 4. Nxd4 e6 5. Nc3 g6 6. Be3 Bg7 7. Ndb5 Bf8 8.
Nd6+ Bxd6 9. Qxd6 a6 10. O-O-O Nge7 11. h4 b5 12. Kb1 Bb7 13. h5 Nc8 14. Qd2
N8e7 15. Bg5 Qc7 16. Bxb5 Rd8 17. Ba4 Ba8 18. f4 Rb8 19. hxg6 fxg6 20. Bf6 Kf7
21. Bxh8 Rxh8 22. f5 exf5 23. exf5 gxf5 24. Bb3+ Ke8 25. Qh6 Qe5 26. Qh5+ Kd8
27. Rhe1 Qg7 28. Be6 Nb8 29. g4 Bf3 30. Rd2 Bxg4 31. Qh2 Kc8 32. Qd6 dxe6 33.
Qxe6+ Kc7 34. Qd6+ Kc8 35. Rxe7 Qg6 36. Qc7# 1-0

[Event "XXXV Memorial Edoardo Crespi B"]
[Site "Milano ITA"]
[Date "2014.12.08"]
[Round "7"]
[White "Fantina, Carla"]
[Black "Benedetti, Mario"]
[WhiteElo "1359"]
[BlackElo "1348"]
[Result "1-0"]
[PlyCount "73"]
[EventDate "2014.12.06"]

1. c4 e5 2. Nc3 Nf6 3. a3 d6 4. e3 a6 5. Nge2 Be7 6. g3 Bg4 7. Bg2 c6 8. h3 Be6
9. d3 Qc7 10. O-O O-O 11. e4 Nbd7 12. Be3 Rab8 13. Rc1 Rfe8 14. f4 exf4 15.
Nxf4 Nf8 16. Nxe6 Nxe6 17. b4 c5 18. b5 d5 19. cxd5 Nd4 20. a4 Bd6 21. Bxd4
cxd4 22. Ne2 Qd8 23. Nf4 Bxf4 24. Rxf4 Qd6 25. bxa6 bxa6 26. Rc6 Qb4 27. Rxa6
Qb1 28. Rf1 Qxd1 29. Rxd1 Nh5 30. Kh2 g6 31. Rd2 Re5 32. Bf3 Ng7 33. g4 h5 34.
Kg3 Ree8 35. a5 hxg4 36. hxg4 g5 37. Rb6 1-0

[Event "XXXV Memorial Edoardo Crespi B"]
[Site "Milano ITA"]
[Date "2014.12.08"]
[Round "7"]
[White "Forti, Francesco"]
[Black "Palvarini, Mario"]
[WhiteElo "1576"]
[BlackElo "1479"]
[Result "1-0"]
[PlyCount "109"]
[EventDate "2014.12.06"]

1. e4 e5 2. Nf3 Nc6 3. Bc4 d6 4. c3 Bg4 5. h3 Bh5 6. d3 Be7 7. Bb3 Nf6 8. Nbd2
O-O 9. Nf1 d5 10. Ng3 dxe4 11. dxe4 Qxd1+ 12. Bxd1 Bg6 13. Bc2 h6 14. O-O a5
15. Be3 Rad8 16. Rfd1 Bd6 17. Rd2 Nh5 18. Nxh5 Bxh5 19. g4 Bg6 20. Rad1 Nb8 21.
Nxe5 Rde8 22. Nxg6 fxg6 23. e5 Rxe5 24. Bxg6 Nd7 25. Rd5 b6 26. Rxe5 Nxe5 27.
Bf5 Kh8 28. Kg2 h5 29. Bd4 hxg4 30. Bxg4 Nxg4 31. hxg4 Re8 32. Kf1 Kh7 33. Re1
Rxe1+ 34. Kxe1 Bf4 35. Ke2 g6 36. Kd3 Kh6 37. Be3 Kg5 38. f3 a4 39. b3 axb3 40.
axb3 b5 41. c4 Bxe3 42. Kxe3 bxc4 43. bxc4 Kf6 44. Kd4 Kg5 45. Ke5 Kh6 46. Kf6
Kh7 47. Ke6 Kh6 48. Kd7 Kg5 49. Kxc7 Kf4 50. Kd6 Kxf3 51. g5 Kf4 52. c5 Kxg5
53. c6 Kh4 54. c7 g5 55. c8=Q 1-0

[Event "XXXV Memorial Edoardo Crespi B"]
[Site "Milano ITA"]
[Date "2014.12.08"]
[Round "7"]
[White "Grandi, Jessica"]
[Black "Altissimo, Dino"]
[WhiteElo "1512"]
[BlackElo "1444"]
[Result "1/2-1/2"]
[PlyCount "101"]
[EventDate "2014.12.06"]

1. e4 e6 2. Nc3 c6 3. d4 d5 4. e5 Ne7 5. Nf3 Ng6 6. Bd3 Be7 7. Bd2 Nd7 8. h3 a5
9. a4 b6 10. b3 Ba6 11. Bxa6 Rxa6 12. Ne2 Ra8 13. Ng3 c5 14. c3 O-O 15. O-O Rc8
16. Rc1 cxd4 17. cxd4 Ba3 18. Ra1 Qe7 19. Bc1 Bb4 20. Bd2 Rc6 21. Rc1 Rfc8 22.
Qe2 Ba3 23. Rxc6 Rxc6 24. Be3 Qb4 25. Rb1 Qf8 26. Qd3 Qc8 27. Ne2 f6 28. exf6
Nxf6 29. Ne5 Nxe5 30. dxe5 Ne4 31. Qb5 Qc7 32. Bd4 Nd2 33. Rd1 Bb4 34. Bc3 Bxc3
35. Nxc3 Nxb3 36. Rb1 Nc5 37. Ne2 Nd7 38. Nd4 Rc1+ 39. Rxc1 Qxc1+ 40. Kh2 Qf4+
41. g3 Qxf2+ 42. Kh1 Qf7 43. Qc6 h6 44. Nxe6 Qf3+ 45. Kh2 Qf2+ 46. Kh1 Nxe5 47.
Qe8+ Kh7 48. Nf8+ Kg8 49. Nd7+ Kh7 50. Qxe5 Qf3+ 51. Kh2 1/2-1/2

[Event "XXXV Memorial Edoardo Crespi B"]
[Site "Milano ITA"]
[Date "2014.12.08"]
[Round "7"]
[White "Invernizzi, Ferruccio"]
[Black "Galliani, William"]
[WhiteElo "1598"]
[BlackElo "1589"]
[Result "1-0"]
[PlyCount "77"]
[EventDate "2014.12.06"]

1. e4 e5 2. Nf3 Nc6 3. d4 exd4 4. Nxd4 Bc5 5. Be3 Qf6 6. c3 Nge7 7. Bb5 Qg6 8.
Qf3 O-O 9. Nxc6 bxc6 10. Bxc5 d6 11. Bd3 dxc5 12. O-O Be6 13. Nd2 Rfd8 14. Nc4
Rab8 15. b3 Bxc4 16. Bxc4 Rd2 17. Rfd1 Rbd8 18. Rxd2 Rxd2 19. Rd1 Rxd1+ 20.
Qxd1 Qd6 21. Qf3 Qg6 22. Qf4 h6 23. f3 Qf6 24. Qe3 Qd6 25. Qd3 Qxd3 26. Bxd3
Ng6 27. Kf2 Kf8 28. Ke3 Ke7 29. g3 Kd6 30. f4 Ne7 31. e5+ Ke6 32. Ke4 Nd5 33.
Bc4 g6 34. g4 f5+ 35. exf6 Kxf6 36. Bxd5 cxd5+ 37. Kxd5 h5 38. h3 h4 39. Kxc5
1-0

[Event "XXXV Memorial Edoardo Crespi B"]
[Site "Milano ITA"]
[Date "2014.12.08"]
[Round "7"]
[White "Izzo, Riccardo"]
[Black "Pandini, Giuseppe"]
[WhiteElo "1647"]
[BlackElo "1712"]
[Result "1/2-1/2"]
[PlyCount "87"]
[EventDate "2014.12.06"]

1. d4 b6 2. e4 Bb7 3. Nc3 e6 4. a3 d6 5. Bb5+ Nd7 6. Nf3 a6 7. Bd3 h6 8. O-O g6
9. Re1 Bg7 10. Ne2 Ne7 11. Ng3 Rc8 12. c4 O-O 13. Be3 c5 14. dxc5 dxc5 15. Rb1
Kh7 16. Qc2 Qc7 17. Bd2 Ne5 18. Nxe5 Bxe5 19. Bc3 Nc6 20. Bxe5 Nxe5 21. Rbd1
Rfd8 22. f3 Rd6 23. Be2 Rd4 24. b3 Rcd8 25. Kf2 R8d7 26. Rxd4 Rxd4 27. Rd1 Nc6
28. Rd3 Qd8 29. Qd1 e5 30. Nf1 Qf6 31. Ne3 Qh4+ 32. Kg1 Qd8 33. Nd5 Ne7 34. Qd2
g5 35. g4 Ng6 36. Kf2 Bxd5 37. cxd5 b5 38. Qc3 Qb6 39. Rxd4 cxd4 40. Qc6 Qa7
41. Ke1 Nf4 42. Qc2 Ng2+ 43. Kd2 Nf4 44. Bd3 1/2-1/2

[Event "XXXV Memorial Edoardo Crespi B"]
[Site "Milano ITA"]
[Date "2014.12.08"]
[Round "7"]
[White "Lamperti, Gianloris"]
[Black "Figini, Vittorio"]
[WhiteElo "1700"]
[BlackElo "1477"]
[Result "1-0"]
[PlyCount "67"]
[EventDate "2014.12.06"]

1. d4 Nf6 2. c4 e6 3. Nc3 c5 4. d5 exd5 5. cxd5 d6 6. e4 g6 7. Nf3 Bg7 8. h3 a6
9. a4 Nbd7 10. Bd3 b6 11. O-O O-O 12. Be3 Bb7 13. Qd2 Qc7 14. b3 Rfe8 15. Rac1
Rac8 16. Bh6 Re7 17. Rfe1 Rce8 18. Bxg7 Kxg7 19. Qc2 Qc8 20. Nb1 Kg8 21. Na3
Qd8 22. Nc4 Nf8 23. Ncd2 N8d7 24. g4 Qc8 25. Qb2 Qa8 26. b4 Nxd5 27. exd5 Bxd5
28. Rxe7 Rxe7 29. Re1 Rxe1+ 30. Nxe1 Qe8 31. Nef3 c4 32. Bxc4 Bxf3 33. Nxf3 Qe4
34. Bxf7+ 1-0